Statistics for Let You Down-NF Lyrics

Click here to take the quiz!

General Stats

  • This quiz has been taken 924 times
  • The average score is 275 of 404

Answer Stats

Answer% Correct
I
99%
do
98%
you
98%
You
98%
down
97%
Let
97%
let
97%
I'm
95%
So
94%
that
94%
a
93%
sorry
93%
the
93%
wish
88%
could
87%
my
87%
in
84%
now
84%
head
82%
all
81%
All
81%
on
79%
out
79%
proud
79%
voices
79%
like
78%
right
78%
say
78%
loud
77%
get
76%
them
76%
these
75%
don't
74%
edge
74%
we
74%
We
74%
shut
73%
it
71%
to
68%
feel
67%
guess
67%
were
67%
we're
67%
ever
66%
an
65%
can
65%
every
62%
make
62%
wanna
61%
Yeah
60%
It's
59%
Doing
56%
everything
56%
Feels
55%
just
55%
disappointment
53%
for
51%
But
48%
but
48%
me
48%
disappointed
45%
did
44%
Go
43%
issue
42%
this
40%
Want
40%
want
40%
wrong
40%
annoying
39%
at
39%
even
39%
never
39%
talk
38%
ignore
36%
place
36%
what
36%
What
36%
work
36%
first
35%
more
35%
about
34%
that's
34%
time
33%
thought
31%
Walking
31%
towards
29%
be
28%
ground
28%
know
28%
looking
28%
with
28%
loyal
27%
parents
27%
I'ma
26%
Paranoia
26%
tryna
26%
Very
26%
back
25%
worse
25%
knife
24%
put
24%
should
24%
are
23%
gonna
22%
had
21%
hear
21%
How
21%
hurt
21%
apology
20%
carry
20%
else
20%
have
20%
listen
20%
embarassed
19%
hands
19%
Probably
19%
words
19%
you're
18%
wasn't
17%
can't
16%
going
16%
leave
16%
after
15%
come
15%
full
15%
keep
15%
off
15%
Please
15%
alone
14%
Should've
14%
think
14%
cared
13%
rate
13%
drink
12%
nothing
12%
really
11%
always
10%
call
10%
Ain't
9%
awful
9%
ahead
8%
mood
8%
nothing's
8%
tomorrow
8%
Both
7%
gave
7%
left
7%
offer
7%
yet
7%
There's
5%

Score Distribution

Percentile by Number Answered

Percent of People with Each Score

Your Score History

You have not taken this quiz